<?xml version="1.0" encoding="UTF-8"?>
<collection xmlns:xsi="http://www.w3.org/2001/XMLSchema-instance" xsi:schemaLocation="http://www.loc.gov/MARC21/slim http://www.loc.gov/standards/marcxml/schema/MARC21slim.xsd" xmlns="http://www.loc.gov/MARC21/slim">
 <record>
  <leader>00000ctm a22000003a 4500</leader>
  <controlfield tag="001">UP-8027390931313964925</controlfield>
  <controlfield tag="003">Buklod</controlfield>
  <controlfield tag="005">20160909154016.0</controlfield>
  <controlfield tag="006">m    |o  d |      </controlfield>
  <controlfield tag="007">ta</controlfield>
  <controlfield tag="008">160909s        xx     d     r    |||| u|</controlfield>
  <datafield tag="035" ind1=" " ind2=" ">
   <subfield code="a">(iLib)UPVIS-00042859030</subfield>
  </datafield>
  <datafield tag="037" ind1=" " ind2=" ">
   <subfield code="a">Gift 9/1/16</subfield>
  </datafield>
  <datafield tag="040" ind1=" " ind2=" ">
   <subfield code="a">VML/ess 9/9/16</subfield>
  </datafield>
  <datafield tag="041" ind1=" " ind2=" ">
   <subfield code="a">eng</subfield>
  </datafield>
  <datafield tag="090" ind1=" " ind2="0">
   <subfield code="a">LG 993.5 2015 P8 A84</subfield>
  </datafield>
  <datafield tag="110" ind1="0" ind2=" ">
   <subfield code="a">A-Team</subfield>
  </datafield>
  <datafield tag="245" ind1="0" ind2="0">
   <subfield code="a">Kapit Pisi</subfield>
   <subfield code="b">as mga Kababayang Aeta Pisi Poso ay Ihahandog na Tulong Para Iwas Soil Transmitted Helminth Infection&quot;</subfield>
   <subfield code="c">A-Team; Kathleen Ann Acma and ten others, members.</subfield>
  </datafield>
  <datafield tag="264" ind1=" " ind2="1">
   <subfield code="a">2015.</subfield>
  </datafield>
  <datafield tag="300" ind1=" " ind2=" ">
   <subfield code="a">131 leaves</subfield>
   <subfield code="b">photograps, computer print-out</subfield>
  </datafield>
  <datafield tag="500" ind1=" " ind2=" ">
   <subfield code="a">Research Project--Public Health Practice. University of the Philippines Visayas, Miagao,Iloilo</subfield>
  </datafield>
  <datafield tag="520" ind1=" " ind2=" ">
   <subfield code="a">Soil Transmitted Helminth Infection is one of the most common parasitic infections in the world, and it is considered as a neglected tropical disease which affects poverty-stricken, indigent and marginalized sectors of the community (World Health Organization, 2012). STH is transmitted through the fecal-oral route transmitted by the three most common species of helminths: Ascaris lumbricoides, Trichuris trichiura, and hookworm. In a study conducted in Davao del Norte, Philippines, the cumulative prevalence in indigenous people (IP) school children was significantly higher than in non-IP children with rates at 39.0% and 29.9%, respectively. The Kapit Pisi project aims to decrease the prevalence of soil transmitted helminth (STH) infections among children ages 0-12 years old of Sitio Igtuba, an Aeta community in Brgy. Camangahan, Guimbal, Iloilo. A qualitative stool examination was conducted before project implementation and results show that 56% of the children were positive fo A. Lumbricoides infection, 72% were positive for T. Trichura infection, and 40% are positive for hookworm infection. Fifteen out of the twenty five (60%) children had mixed infection. They were further quantified as light, moderate, and heavy infection. In order to address the problem, the Kapit Pisi project organized a reliable, independent core group for the implementation and monitoring of the project well represented by the members of the community. A series of health education were conducted to increase the knowledge, attitude, and practices among the children through different triggering tools adapted from the Philippine Approach to Total Sanitation. This includes lectures on environmental sanitation, importance of hand washing, and disease transmission. Hygiene kits and slippers were also distributed to the children. Pre and posttest were conducted and results show that the KAP increased by 35% and 36% for children and parents, respectively. A deep well was constructed to provide safe water supply through bayanihan system. The well is already being used for their daily needs except for drinking and food preparation. The pisi poso was not feasible as of the moment because of inadequate water level due to the summer season. Two toilets were installed and ten are currently constructed which was spearheaded by Guimbal through the participation of different sectors of the community.</subfield>
  </datafield>
  <datafield tag="650" ind1="1" ind2="0">
   <subfield code="a">Soil Transmitted Helminth Infection.</subfield>
  </datafield>
  <datafield tag="650" ind1=" " ind2="0">
   <subfield code="a">Aeta</subfield>
   <subfield code="z">Barangay Camangahan, Guimbal.</subfield>
  </datafield>
  <datafield tag="650" ind1=" " ind2="0">
   <subfield code="a">Kapit Pisi.</subfield>
  </datafield>
  <datafield tag="700" ind1="1" ind2=" ">
   <subfield code="a">Acma, Kathleen Ann.</subfield>
  </datafield>
  <datafield tag="700" ind1="1" ind2=" ">
   <subfield code="a">Adolfo, Estee Joy G.</subfield>
  </datafield>
  <datafield tag="700" ind1="1" ind2=" ">
   <subfield code="a">Bautista, Ezekiel Therese S.</subfield>
  </datafield>
  <datafield tag="700" ind1="1" ind2=" ">
   <subfield code="a">Calimot, Andro Dominic A.</subfield>
  </datafield>
  <datafield tag="700" ind1="1" ind2=" ">
   <subfield code="a">Dinopol, Christine Alexis.</subfield>
  </datafield>
  <datafield tag="700" ind1="1" ind2=" ">
   <subfield code="a">Legaspi, Marianne C.</subfield>
  </datafield>
  <datafield tag="700" ind1="1" ind2=" ">
   <subfield code="a">Linas, Pearl Joy C.</subfield>
  </datafield>
  <datafield tag="700" ind1="1" ind2=" ">
   <subfield code="a">Lunar, Lanilyn Marie F.</subfield>
  </datafield>
  <datafield tag="700" ind1="1" ind2=" ">
   <subfield code="a">Moises, Rochelle Anne Q.</subfield>
  </datafield>
  <datafield tag="720" ind1=" " ind2=" ">
   <subfield code="a">Gasataya, Charisse Ann.</subfield>
  </datafield>
  <datafield tag="720" ind1=" " ind2=" ">
   <subfield code="a">Ingles, John Wibelle.</subfield>
  </datafield>
  <datafield tag="720" ind1=" " ind2=" ">
   <subfield code="a">De los Reyes, Calvin S.</subfield>
   <subfield code="e">Adviser.</subfield>
  </datafield>
  <datafield tag="720" ind1=" " ind2=" ">
   <subfield code="a">Malecosio, Serafin O.</subfield>
   <subfield code="e">Panel Member.</subfield>
  </datafield>
  <datafield tag="720" ind1=" " ind2=" ">
   <subfield code="a">Padilla, Philip Ian P.</subfield>
   <subfield code="e">Panel Member.</subfield>
  </datafield>
  <datafield tag="852" ind1="0" ind2=" ">
   <subfield code="a">UPVIS</subfield>
   <subfield code="b">UPV-ML</subfield>
   <subfield code="h">LG 993.5 2015 P8 A84</subfield>
  </datafield>
  <datafield tag="942" ind1=" " ind2=" ">
   <subfield code="a">Thesis</subfield>
  </datafield>
 </record>
</collection>
